| 000 | 00804nam a22001697a 4500 | ||
|---|---|---|---|
| 005 | 20260301150432.0 | ||
| 010 | _aBACCHHN26 | ||
| 020 |
_a9789393365217 _c700.00 |
||
| 037 | _bपेपरलिंग पब्लिशिंग कम्पनी | ||
| 082 | _a181.4 | ||
| 100 |
_aवशिष्ठ,पूजा _987956 |
||
| 245 |
_aबाल हिन्दी शब्दकोश / _cपूजा वशिष्ठ |
||
| 260 |
_aदिल्ली _bपेपरलिंग पब्लिशिंग कम्पनी _c2025 |
||
| 270 |
_aप्रथम तल,568, डॉ मुखर्जी मार्ग, _bदिल्ली _e110009 |
||
| 300 |
_a304पृ. _c26 सेमी.(अजिल्द) _bसचित्र |
||
| 942 |
_2ddc _cCH _h423 _mवशिष्ठ |
||
| 999 |
_c215274 _d215274 |
||